01242nam a2200241Ia 4500001001100000003001000011008004100021040002500062041001300087100001700100245011900117250001100236260005500247300001200302500016500314501011400479520016500593650002400758942000700782957000600789999004300795952016200838L270-31918IT-CnALBA170116s9999||||xx |||||||||||||| ||und|| aIT-CnALBAcIT-CnALBA aITALIANO aSENZA AUTORE 0aCOMPENDIO CRONOLOGICO DELLA STORIA ECCLESIASTICA. TOMO IV: DALL'ANNO 1400 DELL'ERA CRISTIANA FINO ALL'ANNO 1700.  a1a ed. a LUGANObAGNELLI, STAMPERIA c1761 [1° Ed.: n.d.] a571 p.  aTRADUZIONE DAL FRANCESE. ELENCO DEI PAPI CONCILI GENERALI E PARTICOLARI. SCISMI. ERESIE. ISTITUZIONI DEGLI ORDINI MONASTICI... INDICE DELLE NOTE E RIFLESSIONI.  aSocietà San Paolo EM - Piazza San Paolo, 14 - 12051 ALBA (CN) (non commercial uses only) ® Copyright 2017 aTRADUZIONE DAL FRANCESE. ELENCO DEI PAPI CONCILI GENERALI E PARTICOLARI. SCISMI. ERESIE. ISTITUZIONI DEGLI ORDINI MONASTICI... INDICE DELLE NOTE E RIFLESSIONI.  aSTORIA DELLA CHIESA cBK 71 a36686bSI g Copie: 1 c290750d290750 0010406L_2703191871aALBAbALBAd2017-01-16l0oL270-31918r2017-01-16 00:00:00w2017-01-16yBKz(data import: 16 gennaio 2017) - By Epidotti, Vaglietti.